Economía del medio ambiente (Registro nro. 4911)

Detalles MARC
000 -LEADER
fixed length control field 01211 a2200289 4500
001 - CONTROL NUMBER
control field 49897
005 - DATE AND TIME OF LATEST TRANSACTION
control field 20260407155759.0
008 - FIXED-LENGTH DATA ELEMENTS--GENERAL INFORMATION
fixed length control field 260407a2003 arg spa d
003 - CONTROL NUMBER IDENTIFIER
control field AR-UNSa-BCEJYS
040 ## - CATALOGING SOURCE
Original cataloging agency AR-UNSa-BCEJYS
Language of cataloging spa
Transcribing agency AR-UNSa-BCEJYS
080 ## - UNIVERSAL DECIMAL CLASSIFICATION NUMBER
Universal Decimal Classification number 504.03
Common auxiliary subdivision Aspectos sociales y socioeconómicos del impacto del hombre sobre el medio ambiente. Ecología social ( Economía ambiental)
020 ## - INTERNATIONAL STANDARD BOOK NUMBER
International Standard Book Number 84-481-3943-7
041 ## - LANGUAGE CODE
Language code of text/sound track or separate title spa
100 1# - MAIN ENTRY--PERSONAL NAME
Personal name Field, Barry C.
245 10 - TITLE STATEMENT
Title Economía del medio ambiente
250 ## - EDITION STATEMENT
Edition statement 3a. ed.
264 #1 - PRODUCTION, PUBLICATION, DISTRIBUTION, MANUFACTURE, AND COPYRIGHT NOTICE
Place of production, publication, distribution, manufacture Madrid :
Name of producer, publisher, distributor, manufacturer McGraw-Hill
Date of production, publication, distribution, manufacture, or copyright notice 2003
300 ## - PHYSICAL DESCRIPTION
Extent xix, 556 p.
Dimensions 24 cm.
505 ## - FORMATTED CONTENTS NOTE
Formatted contents note 1. ¿Qué es la economía ambiental? - 2. Las herramientas analíticas - 3. El análisis ambiental - 4. El análisis de la política ambiental - 5. La política ambiental en Estados Unidos - 6. El medio ambiente en el ámbito internacional.
590 ## - LOCAL NOTE (RLIN)
Local note niveau_biblio:m niveau_hierar:0
700 1# - ADDED ENTRY--PERSONAL NAME
Personal name Field, Marta K.
700 1# - ADDED ENTRY--PERSONAL NAME
Personal name Deocón, Gloria Trinidad
700 1# - ADDED ENTRY--PERSONAL NAME
Personal name Velázquez Alonso, Esther
700 1# - ADDED ENTRY--PERSONAL NAME
Personal name André García, Francisco Javier
856 41 - ELECTRONIC LOCATION AND ACCESS
Uniform Resource Identifier <a href="https://www.biblioeco.unsa.edu.ar/pmb/images/libros/L128223.jpg">https://www.biblioeco.unsa.edu.ar/pmb/images/libros/L128223.jpg</a>
Link text Imagen de portada
Electronic format type image/jpeg
942 ## - ADDED ENTRY ELEMENTS (KOHA)
Koha item type
Existencias
Withdrawn status Lost status Damaged status Not for loan Home library Current library Shelving location Date acquired Total checkouts Full call number Barcode Date last seen Price effective from Koha item type
        Biblioteca Prof. Eusebio Cleto del Rey Biblioteca Prof. Eusebio Cleto del Rey   07/04/2026   504.03 F453 3ed. L128223 07/04/2026 07/04/2026 Libro